[Event "Online Olym Div3 B"]
[Site "Chess.com INT"]
[Date "2021.08.28"]
[Round "6.1"]
[White "Nekrasova, Elena"]
[Black "Algildah, Nibal"]
[Result "1-0"]
[WhiteElo "2028"]
[BlackElo "1852"]
[PlyCount "53"]
[EventDate "2021.08.27"]
[EventType "team-tourn (rapid)"]
[EventRounds "9"]
[EventCountry "USA"]
[SourceTitle "CBM 204 Extra"]
[Source "ChessBase"]
[SourceDate "2021.11.30"]
[SourceVersion "1"]
[SourceVersionDate "2021.11.30"]
[SourceQuality "1"]
[WhiteTeam "Lebanon"]
[BlackTeam "Syria"]
[WhiteTeamCountry "LBN"]
[BlackTeamCountry "SYR"]

1. e4 c6 2. d4 d5 3. exd5 cxd5 4. Bd3 Nf6 5. c3 e6 6. Bf4 Nbd7 7. Qe2 Be7 8. Nf3 h6 9. 0-0 0-0 10. Nbd2 Qb6 11. Rab1 a6 12. Ne5 Bd6 13. Bg3 Bc7 14. f4 g6 15. Kh1 Nh5 16. Bh4 Bd8 17. Bxd8 Qxd8 18. Nxg6 fxg6 19. Qxe6+ Kh8 20. Qxg6 Ndf6 21. Qxh6+ Kg8 22. Rbe1 Rf7 23. Bg6 Rg7 24. Bxh5 Bd7 25. Re5 Bg4 26. Bxg4 Nxg4 27. Qe6+ 1-0

[Event "Al Ain Amateur op 4th"]
[Site "Al Ain"]
[Date "2015.12.26"]
[Round "4"]
[White "Algildah, Nibal"]
[Black "Faisal, Ali"]
[Result "1-0"]
[WhiteElo "1865"]
[BlackElo "1882"]
[PlyCount "61"]
[EventDate "2015.12.23"]
[EventType "swiss"]
[EventRounds "9"]
[EventCountry "UAE"]
[SourceTitle "CBM 170 Extra"]
[Source "ChessBase"]
[SourceDate "2016.02.25"]
[SourceVersion "1"]
[SourceVersionDate "2016.02.25"]
[SourceQuality "1"]

1. Nf3 e6 2. d4 Nf6 3. Bg5 d5 4. e3 Nbd7 5. c3 Be7 6. Nbd2 b6 7. Qa4 Bb7 8. Ne5 h6 9. Bxf6 Bxf6 10. f4 a6 11. Bd3 b5 12. Qd1 Bh4+ 13. g3 Nxe5 14. fxe5 Bg5 15. Qe2 Qd7 16. Nb3 Be7 17. Qg4 g5 18. 0-0 c5 19. Rxf7 h5 20. Qf3 g4 21. Qf2 cxd4 22. exd4 h4 23. Nc5 hxg3 24. hxg3 Bxc5 25. Rxd7 Kxd7 26. dxc5 Raf8 27. Qg2 Rf3 28. Be2 Re3 29. Rf1 Rh3 30. Rf7+ Kc8 31. Kf2 1-0

[Event "Al Ain Amateur op 4th"]
[Site "Al Ain"]
[Date "2015.12.26"]
[Round "5"]
[White "Sasikumar, Anusweud"]
[Black "Algildah, Nibal"]
[Result "1/2-1/2"]
[WhiteElo "1723"]
[BlackElo "1865"]
[PlyCount "81"]
[EventDate "2015.12.23"]
[EventType "swiss"]
[EventRounds "9"]
[EventCountry "UAE"]
[SourceTitle "CBM 170 Extra"]
[Source "ChessBase"]
[SourceDate "2016.02.25"]
[SourceVersion "1"]
[SourceVersionDate "2016.02.25"]
[SourceQuality "1"]

1. e4 g6 2. d4 Bg7 3. Be3 d6 4. Bd3 c5 5. c3 Qb6 6. Qd2 cxd4 7. cxd4 Nd7 8. Nf3 Ngf6 9. h3 0-0 10. Nc3 Qa5 11. 0-0 a6 12. a3 Qd8 13. b4 b6 14. e5 Ne8 15. Be4 Rb8 16. Bh6 dxe5 17. dxe5 Qc7 18. Nd5 Qd8 19. Rad1 e6 20. Nf6+ Nexf6 21. exf6 Bxh6 22. Qxh6 Qxf6 23. Rfe1 Qg7 24. Qf4 Qf6 25. Qd6 b5 26. Bc6 Rb6 27. Qc7 Qc3 28. Rc1 Qf6 29. Bxd7 Rb7 30. Bxc8 Rxc7 31. Rxc7 Qb2 32. Re3 Rd8 33. Rec3 Rd1+ 34. Kh2 Qxf2 35. Bxa6 Qb6 36. Bb7 Qd6+ 37. g3 Ra1 38. Rc1 Ra2+ 39. R7c2 Rxa3 40. Bc6 Qxb4 41. Ng5 1/2-1/2

[Event "Al Ain Amateur op 4th"]
[Site "Al Ain"]
[Date "2015.12.25"]
[Round "3"]
[White "Nanyan, Georgy"]
[Black "Algildah, Nibal"]
[Result "0-1"]
[WhiteElo "1644"]
[BlackElo "1865"]
[PlyCount "75"]
[EventDate "2015.12.23"]
[EventType "swiss"]
[EventRounds "9"]
[EventCountry "UAE"]
[SourceTitle "CBM 170 Extra"]
[Source "ChessBase"]
[SourceDate "2016.02.25"]
[SourceVersion "1"]
[SourceVersionDate "2016.02.25"]
[SourceQuality "1"]

1. e4 g6 2. d4 Bg7 3. f4 c5 4. Be3 Qb6 5. e5 Qxb2 6. Nd2 Qc3 7. Bf2 cxd4 8. Ne2 Qa5 9. Nxd4 Nc6 10. Be2 Nxd4 11. Bxd4 d6 12. 0-0 dxe5 13. fxe5 Be6 14. Nb3 Qc7 15. Nc5 Bd5 16. e6 f6 17. c4 Bc6 18. Qc2 Rd8 19. Rad1 Nh6 20. Na4 b6 21. c5 b5 22. Nc3 b4 23. Ne4 0-0 24. Ng3 Qa5 25. Qb2 Bd5 26. Rd2 Bxe6 27. Rc1 Nf5 28. Nxf5 Bxf5 29. c6 Bh6 30. Rc5 Qa3 31. Qxa3 bxa3 32. Rd1 Rxd4 33. Rxd4 Be3+ 34. Kf1 Bxd4 35. Ra5 Rb8 36. c7 Rb1+ 37. Bd1 Rxd1+ 38. Ke2 0-1

[Event "Al Ain Amateur op 4th"]
[Site "Al Ain"]
[Date "2015.12.24"]
[Round "2"]
[White "Algildah, Nibal"]
[Black "Jijo, Joy"]
[Result "1-0"]
[WhiteElo "1865"]
[BlackElo "1539"]
[PlyCount "113"]
[EventDate "2015.12.23"]
[EventType "swiss"]
[EventRounds "9"]
[EventCountry "UAE"]
[SourceTitle "CBM 170 Extra"]
[Source "ChessBase"]
[SourceDate "2016.02.25"]
[SourceVersion "1"]
[SourceVersionDate "2016.02.25"]
[SourceQuality "1"]

1. d4 Nf6 2. Nf3 g6 3. c3 Bg7 4. Nbd2 0-0 5. e4 d6 6. Be2 Nbd7 7. Qc2 e5 8. dxe5 Nxe5 9. Nxe5 dxe5 10. 0-0 b6 11. Nc4 Qe7 12. Kh1 Bb7 13. Bf3 Ba6 14. Be2 Bb7 15. Bf3 Ba6 16. Qa4 Bb7 17. Re1 a6 18. Qc2 Nd7 19. b3 f5 20. Ba3 c5 21. Rad1 Bxe4 22. Bxe4 fxe4 23. Rxe4 Rad8 24. Rde1 Qf6 25. f3 Qc6 26. Bc1 b5 27. Nd2 Nb6 28. c4 Rd4 29. Bb2 Rxe4 30. Rxe4 Rf4 31. Rxf4 exf4 32. Bxg7 Kxg7 33. Qc3+ Kg8 34. cxb5 axb5 35. Ne4 Nd5 36. Qxc5 Qxc5 37. Nxc5 b4 38. Nd3 Kf7 39. Kg1 Ke6 40. Kf2 g5 41. g3 Kf5 42. g4+ Ke6 43. Ke1 Kd6 44. Kd2 Ke6 45. Nc5+ Ke5 46. Ne4 h6 47. Kd3 Ne3 48. Nd2 Kd5 49. h3 Nd1 50. Ne4 Ne3 51. Nf6+ Kc5 52. Ng8 Nd1 53. Nxh6 Nf2+ 54. Ke2 Nxh3 55. Nf5 Ng1+ 56. Kf2 Nxf3 57. Kxf3 1-0

[Event "Asian Continental op (Women) 14th"]
[Site "Al Ain"]
[Date "2015.08.09"]
[Round "8"]
[White "Li, Yunshan"]
[Black "Algildah, Nibal"]
[Result "1-0"]
[WhiteElo "1835"]
[BlackElo "1920"]
[PlyCount "89"]
[EventDate "2015.08.02"]
[EventType "swiss"]
[EventRounds "9"]
[EventCountry "UAE"]
[SourceTitle "CBM 167 Extra"]
[Source "ChessBase"]
[SourceDate "2015.09.14"]
[SourceVersion "1"]
[SourceVersionDate "2015.09.14"]
[SourceQuality "1"]

1. d4 d6 2. Nf3 g6 3. c4 Bg7 4. e4 Nd7 5. Nc3 c5 6. d5 Ngf6 7. Be2 0-0 8. 0-0 Nb6 9. h3 h6 10. Be3 Kh7 11. Nd2 e6 12. Qc2 exd5 13. cxd5 Qe7 14. a4 Ne8 15. a5 Nd7 16. Nc4 Ne5 17. Rfe1 f5 18. Nxe5 Bxe5 19. exf5 Bxf5 20. Bd3 Qg7 21. Ra4 Qf6 22. Ne2 Nc7 23. Bxf5 Qxf5 24. Qxf5 Rxf5 25. Nf4 g5 26. Nd3 Bg7 27. f4 Rxd5 28. Nf2 Re8 29. Re4 Rxe4 30. Nxe4 gxf4 31. Bxf4 Bd4+ 32. Kh1 Nb5 33. Rd1 Kg6 34. g4 h5 35. Nc3 Bxc3 36. Rxd5 Bxb2 37. Rxh5 Bc3 38. Rd5 Bxa5 39. Bxd6 c4 40. g5 Nxd6 41. Rxd6+ Kf5 42. Rd5+ Kf4 43. Rc5 Bb6 44. Rb5 Kg3 45. Rxb6 1-0

[Event "Asian Continental op (Women) 14th"]
[Site "Al Ain"]
[Date "2015.08.02"]
[Round "1"]
[White "Algildah, Nibal"]
[Black "Soumya, Swaminathan"]
[Result "0-1"]
[WhiteElo "1920"]
[BlackElo "2325"]
[PlyCount "38"]
[EventDate "2015.08.02"]
[EventType "swiss"]
[EventRounds "9"]
[EventCountry "UAE"]
[SourceTitle "CBM 167 Extra"]
[Source "ChessBase"]
[SourceDate "2015.09.14"]
[SourceVersion "1"]
[SourceVersionDate "2015.09.14"]
[SourceQuality "1"]

1. d4 Nf6 2. Nf3 g6 3. c3 Bg7 4. Nbd2 0-0 5. e4 d6 6. Be2 c5 7. d5 e6 8. dxe6 Bxe6 9. e5 dxe5 10. Nxe5 Nd5 11. Ndf3 Qc7 12. Nd3 c4 13. Nb4 Nxb4 14. cxb4 c3 15. Nd4 Rd8 16. Be3 cxb2 17. Rb1 Qc3+ 18. Qd2 Qxd2+ 19. Kxd2 Nc6 0-1

[Event "Asian Clubs-ch zt (Women)"]
[Site "Amman"]
[Date "2015.01.22"]
[Round "5.4"]
[White "Algildah, Nibal"]
[Black "Alattar, Ghayda M"]
[Result "0-1"]
[WhiteElo "1926"]
[BlackElo "1954"]
[PlyCount "64"]
[EventDate "2015.01.19"]
[EventType "team-tourn"]
[EventRounds "7"]
[EventCountry "JOR"]
[SourceTitle "CBM 164 Extra"]
[Source "ChessBase"]
[SourceDate "2015.03.02"]
[SourceVersion "1"]
[SourceVersionDate "2015.03.02"]
[SourceQuality "1"]
[WhiteTeam "Damascus Mohafasah (W)"]
[BlackTeam "Royal CC (W)"]
[WhiteTeamCountry "SYR"]
[BlackTeamCountry "JOR"]

1. b3 Nf6 2. Bb2 c5 3. g3 Nc6 4. Bg2 d6 5. d3 g6 6. Nd2 Bg7 7. Ngf3 0-0 8. 0-0 Rb8 9. h3 Bd7 10. Kh2 h6 11. Rb1 b5 12. e3 a6 13. Ne1 Qc7 14. f4 Nh7 15. Bxg7 Kxg7 16. Qc1 Nf6 17. Qb2 Kh7 18. Nef3 Be6 19. Rbe1 c4 20. Ne4 Nxe4 21. dxe4 cxb3 22. cxb3 Nb4 23. Rc1 Qb6 24. Qd2 a5 25. Nd4 Bd7 26. a3 Na6 27. b4 axb4 28. axb4 Rbc8 29. Bf3 Rc4 30. Ra1 Kg8 31. Be2 Rcc8 32. Ra5 Nc7 0-1

[Event "IRQ-ch op 2nd"]
[Site "Baghdad"]
[Date "2013.03.10"]
[Round "7"]
[White "Algildah, Nibal"]
[Black "Mohammed, Zozek Salah Mohamme"]
[Result "0-1"]
[WhiteElo "1874"]
[BlackElo "2249"]
[PlyCount "64"]
[EventDate "2013.03.06"]
[EventType "swiss"]
[EventRounds "9"]
[EventCountry "IRQ"]
[SourceTitle "CBM 153 Extra"]
[Source "ChessBase"]
[SourceDate "2013.04.22"]
[SourceVersion "1"]
[SourceVersionDate "2013.04.22"]
[SourceQuality "1"]

1. d4 Nf6 2. Nf3 c5 3. c3 g6 4. Bg5 Bg7 5. e3 0-0 6. Nbd2 d5 7. Be2 Nc6 8. 0-0 b6 9. h3 Bb7 10. Bh4 Re8 11. Nb3 Ne4 12. Nfd2 cxd4 13. Nxe4 dxe4 14. cxd4 Rc8 15. a3 Qd5 16. Nd2 e5 17. Bc4 Qd7 18. d5 Na5 19. Ba2 Ba6 20. Re1 Bd3 21. b4 Nb7 22. Bb3 Nd6 23. Bg3 Nf5 24. Bh2 Ne7 25. d6 Nf5 26. Qg4 Qc6 27. d7 Qxd7 28. Nxe4 Qc6 29. Ng5 Nh6 30. Qd1 e4 31. Rc1 Bc3 32. Kh1 Qf6 0-1

[Event "IRQ-ch op 2nd"]
[Site "Baghdad"]
[Date "2013.03.08"]
[Round "4"]
[White "Mohammed Ali, Madial Kinani"]
[Black "Algildah, Nibal"]
[Result "1-0"]
[WhiteElo "2128"]
[BlackElo "1874"]
[PlyCount "105"]
[EventDate "2013.03.06"]
[EventType "swiss"]
[EventRounds "9"]
[EventCountry "IRQ"]
[SourceTitle "CBM 153 Extra"]
[Source "ChessBase"]
[SourceDate "2013.04.22"]
[SourceVersion "1"]
[SourceVersionDate "2013.04.22"]
[SourceQuality "1"]

1. e4 c5 2. Nf3 d6 3. d4 cxd4 4. Nxd4 Nf6 5. Nc3 g6 6. Bc4 Bg7 7. Be3 Nc6 8. f3 Bd7 9. Qd2 0-0 10. Nde2 a6 11. 0-0-0 Rc8 12. Bh6 Ne5 13. Bb3 b5 14. Kb1 a5 15. a4 bxa4 16. Bxa4 Rb8 17. b3 Nc4 18. Qc1 Nb6 19. Bxd7 Nfxd7 20. Bxg7 Kxg7 21. h4 h5 22. Nd4 Ne5 23. Qg5 e6 24. f4 Qxg5 25. hxg5 Ng4 26. Nc6 Nf2 27. Nxb8 Rxb8 28. Rhf1 Nxd1 29. Rxd1 a4 30. Ka2 axb3+ 31. cxb3 Ra8+ 32. Kb2 Rb8 33. Kc2 Nc8 34. Rb1 Ne7 35. b4 Kf8 36. b5 Ke8 37. Ra1 Nc8 38. Kb3 Kd7 39. Kb4 Kc7 40. Ra6 Rb7 41. Ra8 Rb8 42. Rxb8 Kxb8 43. Ka5 Kb7 44. Na4 Na7 45. Nb6 h4 46. Nc4 Nc8 47. e5 dxe5 48. fxe5 Ne7 49. Nd6+ Ka7 50. b6+ Kb8 51. Nxf7 Nd5 52. Nd8 Nf4 53. Ka6 1-0

[Event "Olympiad Women-40"]
[Site "Istanbul"]
[Date "2012.09.06"]
[Round "9.3"]
[White "Algildah, Nibal"]
[Black "Mencos, Claudia"]
[Result "0-1"]
[WhiteElo "1881"]
[BlackElo "2035"]
[PlyCount "108"]
[EventDate "2012.08.28"]
[EventType "team-swiss"]
[EventRounds "11"]
[EventCountry "TUR"]
[SourceTitle "CBM 150 Extra"]
[Source "ChessBase"]
[SourceDate "2012.10.19"]
[SourceVersion "1"]
[SourceVersionDate "2012.10.19"]
[SourceQuality "1"]
[WhiteTeam "Syria (W)"]
[BlackTeam "Guatemala (W)"]
[WhiteTeamCountry "SYR"]
[BlackTeamCountry "GUA"]

1. d4 d5 2. Nf3 Nf6 3. c3 c6 4. Bg5 Ne4 5. Bh4 Bf5 6. Nbd2 Nd7 7. e3 Qb6 8. Qb3 e6 9. Be2 h6 10. Nxe4 Bxe4 11. 0-0 Bd6 12. Nd2 Qc7 13. f4 Bh7 14. Rac1 g5 15. Bg3 h5 16. h3 h4 17. Bh2 gxf4 18. exf4 Bf5 19. c4 dxc4 20. Nxc4 Nb6 21. Ne5 Nd5 22. Kh1 Qb6 23. Qa4 Qb4 24. Qxb4 Bxb4 25. Bd3 Bd2 26. Rb1 Bxd3 27. Nxd3 Be3 28. Bg1 Bxg1 29. Kxg1 Ne3 30. Rfe1 Nf5 31. Nc5 0-0-0 32. b4 Rxd4 33. b5 cxb5 34. Rxb5 b6 35. Ne4 Rhd8 36. Rbb1 Rc4 37. a3 Rdd4 38. Ng5 Rd7 39. Ne4 Kd8 40. Rb5 Rdd4 41. Ng5 Nd6 42. Rbe5 Rxf4 43. Rd1 Rfd4 44. Rf1 Ke7 45. Nf3 Rf4 46. Rh5 Nf5 47. Rh8 Rc2 48. Re1 Ra4 49. Rh5 Kf6 50. Rh7 Kg6 51. Rh8 Kg7 52. Rh5 Rxa3 53. Nxh4 Nxh4 54. Rxh4 Rg3 0-1

[Event "Olympiad Women-40"]
[Site "Istanbul"]
[Date "2012.08.29"]
[Round "2.2"]
[White "Algildah, Nibal"]
[Black "Al Khulaifi, Ghada"]
[Result "0-1"]
[WhiteElo "1881"]
[BlackElo "1646"]
[PlyCount "52"]
[EventDate "2012.08.28"]
[EventType "team-swiss"]
[EventRounds "11"]
[EventCountry "TUR"]
[SourceTitle "CBM 150 Extra"]
[Source "ChessBase"]
[SourceDate "2012.10.19"]
[SourceVersion "1"]
[SourceVersionDate "2012.10.19"]
[SourceQuality "1"]
[WhiteTeam "Syria (W)"]
[BlackTeam "Qatar (W)"]
[WhiteTeamCountry "SYR"]
[BlackTeamCountry "QAT"]

1. c4 e6 2. Nf3 d5 3. e3 c6 4. Nc3 f5 5. d4 Nf6 6. a3 Bd6 7. Bd3 0-0 8. Qc2 Ne4 9. 0-0 Nd7 10. b4 Rf6 11. cxd5 exd5 12. b5 Rh6 13. g3 Qe8 14. bxc6 bxc6 15. Be2 Ndf6 16. Bb2 Ng4 17. Bd1 Qh5 18. h4 Ba6 19. Nxe4 fxe4 20. Qxc6 Rf8 21. Qxa6 Bxg3 22. Qa5 exf3 23. fxg3 Nxe3 24. Rf2 Qg4 25. Rxf3 Rxf3 26. Bxf3 Qxg3+ 0-1

[Event "Olympiad Women-40"]
[Site "Istanbul"]
[Date "2012.08.28"]
[Round "1.3"]
[White "Algildah, Nibal"]
[Black "Gara, Anita"]
[Result "0-1"]
[WhiteElo "1881"]
[BlackElo "2306"]
[PlyCount "50"]
[EventDate "2012.08.28"]
[EventType "team-swiss"]
[EventRounds "11"]
[EventCountry "TUR"]
[SourceTitle "CBM 150 Extra"]
[Source "ChessBase"]
[SourceDate "2012.10.19"]
[SourceVersion "1"]
[SourceVersionDate "2012.10.19"]
[SourceQuality "1"]
[WhiteTeam "Syria (W)"]
[BlackTeam "Hungary (W)"]
[WhiteTeamCountry "SYR"]
[BlackTeamCountry "HUN"]

1. Nf3 c5 2. c4 Nc6 3. e3 e6 4. Nc3 Nf6 5. d4 d5 6. Be2 a6 7. a3 Bd6 8. 0-0 0-0 9. Qc2 cxd4 10. exd4 dxc4 11. Bxc4 h6 12. h3 b5 13. Be2 Bb7 14. Be3 Ne7 15. Rac1 Nf5 16. Rfd1 Rc8 17. Qd3 Qe7 18. Nd2 Nh4 19. Nde4 Nxe4 20. Nxe4 f5 21. Nxd6 Qxd6 22. f3 Qg3 23. Kf1 Qxg2+ 24. Ke1 Nxf3+ 25. Bxf3 Bxf3 0-1

[Event "Olympiad Women-39"]
[Site "Khanty-Mansiysk"]
[Date "2010.09.29"]
[Round "8.39"]
[White "Algildah, Nibal"]
[Black "Gutierrez Salazar, Leonela"]
[Result "1-0"]
[WhiteElo "1932"]
[BlackElo "2062"]
[PlyCount "81"]
[EventDate "2010.09.21"]
[EventType "team-swiss"]
[EventRounds "11"]
[EventCountry "RUS"]
[SourceTitle "CBM 139"]
[Source "ChessBase"]
[SourceDate "2010.11.18"]
[SourceVersion "1"]
[SourceVersionDate "2010.11.18"]
[SourceQuality "1"]
[WhiteTeam "Syria (W)"]
[BlackTeam "Venezuela (W)"]
[WhiteTeamCountry "SYR"]
[BlackTeamCountry "VEN"]

1. e4 c5 2. Nf3 d6 3. Bb5+ Bd7 4. Bxd7+ Nxd7 5. 0-0 Ngf6 6. Qe2 Qc7 7. c4 e6 8. Nc3 a6 9. Re1 Be7 10. d3 0-0 11. Bg5 Rfe8 12. h3 Rad8 13. Bf4 Ne5 14. Nd2 Nc6 15. Nb3 Nd7 16. Rad1 Bf6 17. Bh2 Nd4 18. Qd2 Ne5 19. Nxd4 cxd4 20. Ne2 Qb6 21. Kh1 a5 22. Rb1 Qc5 23. f4 Nc6 24. Rf1 Qb4 25. Qd1 b5 26. b3 Rb8 27. g4 bxc4 28. dxc4 Qc5 29. g5 Be7 30. h4 Rbd8 31. Bg1 e5 32. f5 Bf8 33. Ng3 Nb4 34. Rb2 a4 35. f6 g6 36. h5 Rd7 37. Qf3 a3 38. Rh2 Qc7 39. Rhf2 d5 40. hxg6 hxg6 41. Qg4 1-0

[Event "Arab-ch (Women)"]
[Site "Abu Dhabi"]
[Date "2008.12.17"]
[Round "2"]
[White "Mouradian, Knarik Jacob"]
[Black "Algildah, Nibal"]
[Result "1-0"]
[WhiteElo "2157"]
[BlackElo "1951"]
[PlyCount "53"]
[EventDate "2008.12.16"]
[EventType "swiss"]
[EventRounds "9"]
[EventCountry "UAE"]
[SourceTitle "EXT 2010"]
[Source "ChessBase"]
[SourceDate "2010.11.25"]
[SourceVersion "1"]
[SourceVersionDate "2010.11.25"]
[SourceQuality "1"]

1. Nf3 d5 2. g3 c6 3. Bg2 g6 4. c3 Nd7 5. d3 Bg7 6. 0-0 Ngf6 7. Re1 0-0 8. Nbd2 Re8 9. e4 Nc5 10. e5 Ng4 11. Nb3 b6 12. h3 Nxb3 13. axb3 Nh6 14. d4 f6 15. c4 Bb7 16. Bf4 Nf7 17. cxd5 cxd5 18. h4 h6 19. Qd3 f5 20. e6 Nd6 21. Ne5 Kh7 22. Bh3 h5 23. Nxg6 Kxg6 24. Bxd6 Rf8 25. Be5 Bh6 26. g4 hxg4 27. Bxg4 1-0

[Event "Olympiad Women-38"]
[Site "Dresden"]
[Date "2008.11.23"]
[Round "10"]
[White "Algildah, Nibal"]
[Black "Umarova, Shahnoza"]
[Result "1/2-1/2"]
[WhiteElo "1951"]
[BlackElo "1836"]
[PlyCount "106"]
[EventDate "2008.11.13"]
[EventType "team-swiss"]
[EventRounds "11"]
[EventCountry "GER"]
[SourceTitle "CBM 128"]
[Source "ChessBase"]
[SourceDate "2009.01.28"]
[SourceVersion "1"]
[SourceVersionDate "2009.01.28"]
[SourceQuality "1"]
[WhiteTeam "Syria (W)"]
[BlackTeam "Tajikistan (W)"]
[WhiteTeamCountry "SYR"]
[BlackTeamCountry "TJK"]

1. e4 c6 2. Nc3 d5 3. Nf3 dxe4 4. Nxe4 Nf6 5. Ng3 Bg4 6. Bc4 e6 7. h3 Bxf3 8. Qxf3 Nbd7 9. Qe2 Bd6 10. Nf5 Ne5 11. Nxd6+ Qxd6 12. Bb3 0-0 13. d3 c5 14. 0-0 Nc6 15. c3 Rad8 16. Bc2 Nd5 17. Qg4 Ne5 18. Qg3 Ng6 19. f4 b5 20. Qf2 h5 21. a3 Nf6 22. Be3 Rc8 23. d4 c4 24. f5 exf5 25. Bxf5 Rc6 26. Rad1 Nd5 27. Bg5 Nde7 28. Be4 Rcc8 29. Rde1 f5 30. Bf3 f4 31. Bxe7 Nxe7 32. Bxh5 Nd5 33. Bg4 Rce8 34. Rxe8 Rxe8 35. Qf3 Re3 36. Qf2 a5 37. Qh4 Qf6 38. Qxf6 gxf6 39. Bf3 Nxc3 40. bxc3 Rxc3 41. Bc6 b4 42. axb4 axb4 43. Rxf4 Kg7 44. d5 b3 45. d6 Rd3 46. d7 b2 47. Rf1 c3 48. Ba4 Rxd7 49. Kh2 Rd2 50. Kg3 c2 51. Bxc2 Rxc2 52. Rb1 Kg6 53. h4 Kh5 1/2-1/2

[Event "Arab-ch U20 Girls"]
[Site "Abu Dhabi"]
[Date "2007.08.07"]
[Round "7"]
[White "Salem, Amna"]
[Black "Algildah, Nibal"]
[Result "0-1"]
[WhiteElo "1811"]
[BlackElo "1898"]
[PlyCount "40"]
[EventDate "2007.08.01"]
[EventType "tourn"]
[EventRounds "9"]
[EventCountry "UAE"]
[SourceTitle "EXT 2010"]
[Source "ChessBase"]
[SourceDate "2010.11.25"]
[SourceVersion "1"]
[SourceVersionDate "2010.11.25"]
[SourceQuality "1"]

1. d4 Nf6 2. c4 e6 3. Nc3 Bb4 4. a3 Bxc3+ 5. bxc3 c5 6. Qc2 Nc6 7. Nf3 d5 8. e3 0-0 9. Bd3 h6 10. 0-0 Qc7 11. Bb2 dxc4 12. Bxc4 Rb8 13. Bd3 b5 14. c4 bxc4 15. Bxc4 cxd4 16. Bxd4 Nxd4 17. Nxd4 e5 18. Ne2 Ba6 19. Rfc1 Rfc8 20. Qa4 Bxc4 0-1

[Event "Arab-ch (Women)"]
[Site "Dubai"]
[Date "2005.09.20"]
[Round "9"]
[White "Al Harmoudi, Mona"]
[Black "Algildah, Nibal"]
[Result "1/2-1/2"]
[WhiteElo "1896"]
[BlackElo "1890"]
[PlyCount "53"]
[EventDate "2005.09.12"]
[EventType "swiss"]
[EventRounds "9"]
[EventCountry "UAE"]
[SourceTitle "CBM 108 Extra"]
[Source "ChessBase"]
[SourceDate "2005.11.04"]
[SourceVersion "1"]
[SourceVersionDate "2005.11.04"]
[SourceQuality "1"]

1. d4 Nf6 2. Nf3 e6 3. Bg5 b6 4. e3 Bb7 5. Nbd2 Be7 6. Bd3 h6 7. Bh4 d6 8. c3 Nbd7 9. Qe2 g5 10. Bg3 g4 11. Nh4 h5 12. f3 Nd5 13. e4 Bxh4 14. exd5 gxf3 15. Nxf3 Bxg3+ 16. hxg3 Bxd5 17. c4 Bb7 18. Nh4 Qg5 19. Qf2 Rg8 20. Rh3 0-0-0 21. Be2 Rg7 22. Nf3 Qa5+ 23. Nd2 Rg5 24. Qxf7 Qb4 25. 0-0-0 Bxg2 26. Rxh5 Rxg3 27. Qxe6 1/2-1/2